| 000 | 00691nam a2200205 i 4500 | ||
|---|---|---|---|
| 001 | 150159 | ||
| 003 | ES-MaACL | ||
| 005 | 20231218181146.0 | ||
| 007 | t| | ||
| 008 | 071026s1979 sp ||||1| spa d | ||
| 100 | 1 |
_aValls Plana, Ramón. _9112949 |
|
| 245 | 1 | 0 |
_aDel yo al nosotros _b: (lectura de la Fenomenología del Espíritu de Hegel) / _cRamón Valls Plana ; prólogo de Emilio Lledó. |
| 250 | _a2ª ed. | ||
| 260 |
_aBarcelona : _bLaia, _c1979. |
||
| 300 |
_a430 p. ; _c20 cm. |
||
| 600 | 1 | 4 |
_aHegel, Georg Wilhelm Friedrich- _xCrítica e interpretación. _962317 |
| 700 | 1 |
_aLledó, Emilio, _d1927- _972740 |
|
| 852 |
_aES-MaACL _jA-10806 _bR.99920 |
||
| 999 |
_c150159 _d150159 |
||